Pé das burgas / (Registro nro. 151441)

Detalles MARC
000 -LEADER
campo de control de longitud fija 00655nam a22001935i 4500
001 - NÚMERO DE CONTROL
campo de control 151441
003 - IDENTIFICADOR DE NÚMERO DE CONTROL
campo de control ES-MaACL
005 - FECHA Y HORA DE LA ÚLTIMA TRANSACCIÓN
campo de control 20250831063039.0
008 - DATOS DE LONGITUD FIJA--INFORMACIÓN GENERAL
campo de control de longitud fija 941007s1896 sp |||| | glg d
040 ## - FUENTE DE CATALOGACIÓN
Centro catalogador/agencia de origen GA
Lengua de catalogación spa
100 2# - ENTRADA PRINCIPAL--NOMBRE DE PERSONA
Nombre de persona Álvarez de Nóvoa y Ferrer, Francisco,
Fechas asociadas al nombre 1873-1936
9 (RLIN) 134066
245 10 - MENCIÓN DEL TÍTULO
Título Pé das burgas /
Mención de responsabilidad, etc. por Francisco A. de Novoa.
260 ## - PUBLICACIÓN, DISTRIBUCIÓN, ETC.
Lugar de publicación, distribución, etc. La Coruña :
Nombre del editor, distribuidor, etc. Andrés Martínez,
Fecha de publicación, distribución, etc. 1896 (
Fabricante Tipografía de la Casa de Misericordia)
300 ## - DESCRIPCIÓN FÍSICA
Extensión 194 p. ;
Dimensiones 20 cm.
490 1# - MENCIÓN DE SERIE
Mención de serie Biblioteca gallega ;
Designación de volumen o secuencia 44
830 0# - PUNTO DE ACCESO ADICIONAL DE SERIE-TÍTULO UNIFORME
Título uniforme Biblioteca gallega ;
Designación de volumen o secuencia 44
9 (RLIN) 180864
852 ## - LOCALIZACIÓN
Ubicación ES-MaACL
Número de control de estantería G-9207
Nota libre -- Enc. hol.
Existencias
Estatus retirado Estado de pérdida Estado de daño No para préstamo Colección Biblioteca de origen Biblioteca actual Ubicación en estantería Fecha de adquisición Fuente de adquisición Total de préstamos Signatura topográfica completa Código de barras Visto por última vez Precio de reemplazo Tipo de ítem Koha
        Libros del s. XIX Biblioteca del Ateneo de Madrid Biblioteca del Ateneo de Madrid Sala Pecera Planta 3 17/01/2008     G-9207 1158011 23/02/2023 23/02/2023 Libro impreso antiguo